Statistiques concernant Les 300 derniers buts de l'équipe de France

Cliquez ici pour prendre le quiz!

Statistiques générales

  • Ce quiz a été pris 367 fois
  • Le résultat moyen est 259 sur 300

Statistiques - réponses

DateAdversaireJoueurClub au moment du but% Correct
30/06/2018ArgentineKylian MbappéPSG
100%
10/10/2021EspagneKylian MbappéPSG
100%
04/12/2022PologneKylian MbappéPSG
100%
26/11/2022DanemarkKylian MbappéPSG
100%
26/11/2022DanemarkKylian MbappéPSG
100%
22/11/2022AustralieKylian MbappéPSG
100%
22/09/2022AutricheKylian MbappéPSG
100%
10/06/2022AutricheKylian MbappéPSG
100%
29/03/2022Afrique du SudKylian MbappéPSG
100%
29/03/2022Afrique du SudKylian MbappéPSG
100%
31/08/2017Pays-BasKylian MbappéPSG
100%
13/11/2021KazakhstanKylian MbappéPSG
100%
13/11/2021KazakhstanKylian MbappéPSG
100%
13/11/2021KazakhstanKylian MbappéPSG
100%
13/11/2021KazakhstanKylian MbappéPSG
100%
07/10/2021BelgiqueKylian MbappéPSG
100%
18/12/2022ArgentineKylian MbappéPSG
100%
27/03/2018RussieKylian MbappéPSG
100%
27/03/2018RussieKylian MbappéPSG
100%
09/06/2018Etats-UnisKylian MbappéPSG
100%
02/06/2021Pays de GallesKylian MbappéPSG
100%
21/06/2018PerouKylian MbappéPSG
100%
30/06/2018ArgentineKylian MbappéPSG
100%
15/07/2018CroatieKylian MbappéPSG
100%
14/10/2020CroatieKylian MbappéPSG
100%
07/10/2020UkraineKylian MbappéPSG
100%
09/09/2018Pays-BasKylian MbappéPSG
100%
11/10/2018IslandeKylian MbappéPSG
100%
05/09/2020SuèdeKylian MbappéPSG
100%
22/03/2019MoldavieKylian MbappéPSG
100%
25/03/2019IslandeKylian MbappéPSG
100%
04/12/2022PologneKylian MbappéPSG
100%
16/11/2021FinlandeKylian MbappéPSG
100%
18/12/2022ArgentineKylian MbappéPSG
100%
16/06/2023GibraltarKylian MbappéPSG
100%
18/11/2023GibraltarKylian MbappéPSG
100%
18/112023GibraltarKylian MbappéPSG
100%
18/11/2023GibraltarKylian MbappéPSG
100%
18/12/2022ArgentineKylian MbappéPSG
100%
17/10/2023EcosseKylian MbappéPSG
100%
13/10/2023Pays-BasKylian MbappéPSG
100%
13/10/2023Pays-BasKylian MbappéPSG
100%
19/06/2023GrèceKylian MbappéPSG
100%
11/06/2019AndorreKylian MbappéPSG
100%
24/03/2023Pays-BasKylian MbappéPSG
100%
24/032023Pays-BasKylian MbappéPSG
100%
07/09/2021FinlandeAntoine GriezmannFC BARCELONE
99%
19/06/2021HongrieAntoine GriezmannFC BARCELONE
99%
16/10/2018AllemagneAntoine GriezmannATLETICO MADRID
99%
24/03/2023Pays-BasAntoine GriezmannATLETICO MADRID
99%
01/06/2014ParaguayAntoine GriezmannATLETICO MADRID
99%
07/09/2021FinlandeAntoine GriezmannFC BARCELONE
99%
16/10/2018AllemagneAntoine GriezmannATLETICO MADRID
99%
07//07/2016AllemagneAntoine GriezmannATLETICO MADRID
99%
01/09/2021Bosnie-HerzegovineAntoine GriezmannFC BARCELONE
99%
03/07/2016IslandeAntoine GriezmannATLETICO MADRID
99%
07/10/2020UkraineAntoine GriezmannFC BARCELONE
99%
14/10/2020CroatieAntoine GriezmannFC BARCELONE
99%
01/06/2018ItalieAntoine GriezmannATLETICO MADRID
99%
15/07/2018CroatieAntoine GriezmannATLETICO MADRID
99%
08/06/2021BulgarieAntoine GriezmannFC BARCELONE
99%
16/06/2018AustralieAntoine GriezmannATLETICO MADRID
99%
02/06/2021Pays de GallesAntoine GriezmannFC BARCELONE
99%
31/03/2021Bosnie-HerzegovineAntoine GriezmannFC BARCELONE
99%
14/10/2014ArménieAntoine GriezmannATLETICO MADRID
99%
24/03/2021UkraineAntoine GriezmannFC BARCELONE
99%
30/06/2018ArgentineAntoine GriezmannATLETICO MADRID
99%
25/03/2016Pays-BasAntoine GriezmannATLETICO MADRID
99%
10/11/2017Pays de GallesAntoine GriezmannATLETICO MADRID
99%
06/07/2018UruguayAntoine GriezmannATLETICO MADRID
99%
15/06/2016AlbanieAntoine GriezmannATLETICO MADRID
99%
08/09/2020CroatieAntoine GriezmannFC BARCELONE
99%
25/03/2017LuxembourgAntoine GriezmannATLETICO MADRID
99%
02/06/2019BolivieAntoine GriezmannATLETICO MADRID
99%
25/03/2019IslandeAntoine GriezmannATLETICO MADRID
99%
08/10/2015ArménieAntoine GriezmannATLETICO MADRID
99%
14/11/2014AlbanieAntoine GriezmannATLETICO MADRID
99%
02/06/2017ParaguayAntoine GriezmannATLETICO MADRID
99%
08/06/2014JamaïqueAntoine GriezmannATLETICO MADRID
99%
26/06/2016IrlandeAntoine GriezmannATLETICO MADRID
99%
31/08/2017Pays-BasAntoine GriezmannATLETICO MADRID
99%
08/06/2014JamaïqueAntoine GriezmannATLETICO MADRID
99%
22/03/2019MoldavieAntoine GriezmannATLETICO MADRID
99%
26/06/2016IrlandeAntoine GriezmannATLETICO MADRID
99%
12/09/2023AllemagneAntoine GriezmannATLETICO MADRID
99%
13/11/2021KazakhstanAntoine GriezmannFC BARCELONE
99%
17/11/2019AlbanieAntoine GriezmannFC BARCELONE
99%
10/10/2017BielorussieAntoine GriezmannATLETICO MADRID
99%
07/07/2016AllemagneAntoine GriezmannATLETICO MADRID
99%
07/10/2016BulgarieAntoine GriezmannATLETICO MADRID
99%
11/10/2015DanemarkOlivier GiroudARSENAL
99%
11/10/2015DanemarkOlivier GiroudARSENAL
99%
09/09/2018Pays-BasOlivier GiroudCHELSEA
99%
22/03/2019MoldavieOlivier GiroudCHELSEA
99%
13/11/2015AllemagneOlivier GiroudARSENAL
99%
25/03/2019IslandeOlivier GiroudCHELSEA
99%
20/11/2018UruguayOlivier GiroudCHELSEA
99%
25/03/2017LuxembourgOlivier GiroudARSENAL
99%
25/03/2016Pays-BasOlivier GiroudARSENAL
99%
10/10/2017BielorussieOlivier GiroudARSENAL
99%
25/03/2017LuxembourgOlivier GiroudARSENAL
99%
02/06/2017ParaguayOlivier GiroudARSENAL
99%
03/07/2016IslandeOlivier GiroudARSENAL
99%
02/06/2017ParaguayOlivier GiroudARSENAL
99%
02/06/2017ParaguayOlivier GiroudARSENAL
99%
09/06/2017SuèdeOlivier GiroudARSENAL
99%
07/09/2019AlbanieOlivier GiroudCHELSEA
99%
08/06/2014JamaïqueOlivier GiroudARSENAL
99%
03/07/2016IslandeOlivier GiroudARSENAL
99%
01/09/2016ItalieOlivier GiroudARSENAL
99%
10/06/2016RoumanieOlivier GiroudARSENAL
99%
10/11/2017Pays de GallesOlivier GiroudARSENAL
99%
20/06/2014SuisseOlivier GiroudARSENAL
99%
23/03/2018ColombieOlivier GiroudCHELSEA
99%
27/05/2014NorvègeOlivier GiroudARSENAL
99%
04/06/2016EcosseOlivier GiroudARSENAL
99%
04/06/2016EcosseOlivier GiroudARSENAL
99%
27/05/2014NorvègeOlivier GiroudARSENAL
99%
30/05/2016CamerounOlivier GiroudARSENAL
99%
28/05/2018IrlandeOlivier GiroudCHELSEA
99%
29/03/2015DanemarkOlivier GiroudARSENAL
99%
29/03/2022Afrique du SudOlivier GiroudAC MILAN
99%
04/12/2022PologneOlivier GiroudAC MILAN
99%
08/06/2021BulgarieOlivier GiroudCHELSEA
99%
08/06/2021BulgarieOlivier GiroudCHELSEA
99%
17/11/2020SuèdeOlivier GiroudCHELSEA
99%
25/03/2022Cote d'ivoireOlivier GiroudAC MILAN
99%
17/11/2020SuèdeOlivier GiroudCHELSEA
99%
22/09/2022AutricheOlivier GiroudAC MILAN
99%
22/11/2022AustralieOlivier GiroudAC MILAN
99%
11/10/2013AustralieOlivier GiroudARSENAL
99%
07/10/2020UkraineOlivier GiroudCHELSEA
99%
22/11/2022AustralieOlivier GiroudAC MILAN
99%
08/09/2020CroatieOlivier GiroudCHELSEA
99%
11/10/2013AustralieOlivier GiroudARSENAL
99%
07/10/2020UkraineOlivier GiroudCHELSEA
99%
14/11/2019MoldavieOlivier GiroudCHELSEA
99%
10/12/2022AngleterreOlivier GiroudAC MILAN
99%
14/10/2019TurquieOlivier GiroudCHELSEA
99%
18/11/2023GibraltarOlivier GiroudAC MILAN
99%
11/10/2019IslandeOlivier GiroudCHELSEA
99%
16/06/2023GibraltarOlivier GiroudAC MILAN
99%
22/03/2013GéorgieOlivier GiroudARSENAL
99%
16/10/2012EspagneOlivier GiroudARSENAL
99%
18/11/2023GibraltarOlivier GiroudAC MILAN
99%
08/06/2014JamaïqueKarim BenzemaREAL MADRID
93%
08/06/2014JamaïqueKarim BenzemaREAL MADRID
93%
10/10/2021EspagneKarim BenzemaREAL MADRID
93%
13/11/2021KazakhstanKarim BenzemaREAL MADRID
93%
13/11/2021KazakhstanKarim BenzemaREAL MADRID
93%
16/11/2021FinlandeKarim BenzemaREAL MADRID
93%
15/06/2014HondurasKarim BenzemaREAL MADRID
93%
08/10/2015ArménieKarim BenzemaREAL MADRID
93%
08/10/2015ArménieKarim BenzemaREAL MADRID
93%
15/10/2013FinlandeKarim BenzemaREAL MADRID
93%
20/06/2014SuisseKarim BenzemaREAL MADRID
93%
03/06/2022DanemarkKarim BenzemaREAL MADRID
93%
11/10/2014PortugalKarim BenzemaREAL MADRID
93%
28/06/2021SuisseKarim BenzemaREAL MADRID
93%
15/06/2014HondurasKarim BenzemaREAL MADRID
93%
07/10/2021BelgiqueKarim BenzemaREAL MADRID
93%
11/10/2013AustralieKarim BenzemaREAL MADRID
93%
28/06/2021SuisseKarim BenzemaREAL MADRID
93%
23/06/2021PortugalKarim BenzemaREAL MADRID
93%
19/11/2013UkraineKarim BenzemaREAL MADRID
93%
23/06/2021PortugalKarim BenzemaREAL MADRID
93%
05/03/2014Pays-BasKarim BenzemaREAL MADRID
93%
30/06/2018ArgentineBenjamin PavardVFB STUTTGART
92%
17/11/2020SuèdeBenjamin PavardBAYERN MUNICH
92%
17/10/2023EcosseBenjamin PavardINTER MILAN
92%
17/10/2023EcosseBenjamin PavardINTER MILAN
92%
27/03/2023IrlandeBenjamin PavardBAYERN MUNICH
92%
28/03/2021KazakhstanOusmane DembéléFC BARCELONE
92%
02/06/2021Pays de GallesOusmane DembéléFC BARCELONE
92%
13/06/2017AngleterreOusmane DembéléBORUSSIA DORTMUND
92%
01/06/2018ItalieOusmane DembéléFC BARCELONE
92%
18/11/2023GibraltarOusmane DembéléPSG
92%
14/12/2022MarocThéo HernandezAC MILAN
92%
07/10/2021BelgiqueThéo HernandezAC MILAN
92%
18/11/2023GibraltarKingsley ComanBAYERN MUNICH
91%
10/09/2019MoldavieKingsley ComanBAYERN MUNICH
91%
18/11/2023GibraltarKingsley ComanBAYERN MUNICH
91%
29/03/2016RussieKingsley ComanBAYERN MUNICH
91%
17/10/2023EcosseKingsley ComanBAYERN MUNICH
91%
07/09/2019AlbanieKingsley ComanBAYERN MUNICH
91%
07/09/2019AlbanieKingsley ComanBAYERN MUNICH
91%
17/11/2020SuèdeKingsley ComanBAYERN MUNICH
91%
21/11/2023GrèceRandal Kolo-MuaniPSG
91%
14/12/2022MarocRandal Kolo-MuaniEINTRACHT FRANCFORT
91%
15/07/2018CroatiePaul PogbaMANCHESTER UNITED
90%
28/06/2021SuissePaul PogbaMANCHESTER UNITED
90%
11/10/2014PortugalPaul PogbaJUVENTUS
90%
11/11/2016SuèdePaul PogbaMANCHESTER UNITED
90%
10/10/2016Pays-BasPaul PogbaMANCHESTER UNITED
90%
27/05/2014NorvègePaul PogbaJUVENTUS
90%
07/09/2014SerbiePaul PogbaJUVENTUS
90%
30/06/2014NigériaPaul PogbaJUVENTUS
90%
10/09/2013BielorussiePaul PogbaJUVENTUS
90%
27/03/2018RussiePaul PogbaMANCHESTER UNITED
90%
03/07/2016IslandePaul PogbaJUVENTUS
90%
13/11/2021KazakhstanAdrien RabiotJUVENTUS
89%
22/11/2022AustralieAdrien RabiotJUVENTUS
89%
18/11/2023GibraltarAdrien RabiotJUVENTUS
89%
06/06/2022CroatieAdrien RabiotJUVENTUS
89%
07/09/2023IrlandeAurélien TchouameniREAL MADRID
87%
10/12/2022AngleterreAurélien TchouameniAS MONACO
87%
25/03/2022Cote d'ivoireAurelien TchouameniAS MONACO
87%
18/11/2023GibraltarMarcus ThuramINTER MILAN
85%
07/09/2023IrlandeMarcus ThuramINTER MILAN
85%
18/11/2014SuèdeRaphaël VaraneREAL MADRID
85%
26/03/2015BrésilRaphaël VaraneREAL MADRID
85%
06/07/2018UruguayRaphaël VaraneREAL MADRID
85%
22/03/2019MoldavieRaphaël VaraneREAL MADRID
85%
14/11/2019MoldavieRaphaël VaraneREAL MADRID
85%
29/03/2016RussieNgolo KantéCHELSEA
84%
14/11/2020PortugalNgolo KantéCHELSEA
84%
29/03/2022Afrique du SudWissam Ben YedderAS MONACO
80%
11/06/2019AndorreWissan Ben YedderFC SEVILLE
80%
10/09/2019MoldavieWissan Ben YedderAS MONACO
80%
07/10/2020UkraineEduardo CamavingaSTADE RENNAIS
76%
24/03/2023Pays-BasDayot UpamecanoBAYERN MUNICH
75%
08/09/2020CroatieDayot UpamecanoRB LEIPZIG
75%
13/06/2017AngleterreSamuel UmtitiFC BARCELONE
75%
01/06/2018ItalieSamuel UmtitiFC BARCELONE
75%
25/03/2019IslandeSamuel UmtitiFC BARCELONE
75%
10/07/2018BelgiqueSamuel UmtitiFC BARCELONE
75%
18/11/2023GibraltarWarren Zaïre-EmeryPSG
75%
04/09/2021UkraineAnthony MartialMANCHESTER UNITED
74%
01/09/2016ItalieAnthony MartialMANCHESTER UNITED
74%
07/06/2015BelgiqueDimitri PayetOLYMPIQUE DE MARSEILLE
74%
29/03/2016RussieDimitri PayetWEST HAM
74%
30/05/2016CamerounDimitri PayetWEST HAM
74%
15/06/2016AlbanieDimitri PayetWEST HAM
74%
03/07/2016IslandeDimitri PayetWEST HAM
74%
07/10/2016BulgarieDimitri PayetWEST HAM
74%
11/11/2016SuèdeDimitri PayetWEST HAM
74%
10/06/2016RoumanieDimitri PayetWEST HAM
74%
21/11/2023GrèceYoussouf FofanaAS MONACO
74%
18/11/2023GibraltarYoussouf FofanaAS MONACO
74%
18/11/2023GibraltarJonathan ClaussOLYMPIQUE DE MARSEILLE
72%
14/10/2014ArménieAndré-Pierre GignacOLYMPIQUE DE MARSEILLE
71%
29/03/2016RussieAndré-Pierre GignacTIGRES UANL
71%
13/11/2015AllemagneAndré-Pierre GignacTIGRES UANL
71%
29/03/2015DanemarkAlexandre LacazetteOLYMPIQUE LYONNAIS
70%
14/11/2017AllemagneAlexandre LacazetteARSENAL
70%
14/11/2017AllemagneAlexandre LacazetteARSENAL
70%
10/09/2013BielorussieFranck RiberyBAYERN MUNICH
70%
10/09/2013BielorussieFranck RiberyBAYERN MUNICH
70%
22/03/2013GéorgieFranck RiberyBAYERN MUNICH
70%
15/10/2013FinlandeFranck RiberyBAYERN MUNICH
70%
11/10/2013AustralieFranck RiberyBAYERN MUNICH
70%
11/09/2012BielorussieFranck RiberyBAYERN MUNICH
70%
31/08/2017Pays-BasThomas LemarAS MONACO
68%
31/08/2017Pays-BasThomas LemarAS MONACO
68%
23/03/2018ColombieThomas LemarATLETICO MADRID
68%
02/06/2019BolivieThomas LemarATLETICO MADRID
68%
20/06/2014SuisseBlaise MatuidiPSG
67%
30/05/2016CamerounBlaise MatuidiPSG
67%
08/06/2014JamaïqueBlaise MatuidiPSG
67%
25/03/2016Pays-BasBlaise MatuidiPSG
67%
07/10/2017BulgarieBlaise MatuidiJUVENTUS
67%
07/09/2015SerbieBlaise MatuidiPSG
67%
08/06/2014JamaïqueBlaise MatuidiPSG
67%
05/03/2014Pays-BasBlaise MatuidiPSG
67%
07/09/2015SerbieBlaise MatuidiPSG
67%
07/10/2020UkraineCorentin TolissoBAYERN MUNICH
64%
17/11/2019AlbanieCorentin TolissoBAYERN MUNICH
64%
11/06/2019AndorreFlorian ThauvinOLYMPIQUE DE MARSEILLE
62%
29/03/2022Afrique du SudMatteo GuendouziOLYMPIQUE DE MARSEILLE
60%
28/05/2018IrlandeNabil FekirOLYMPIQUE LYONNAIS
59%
07/06/2015BelgiqueNabil FekirOLYMPIQUE LYONNAIS
59%
20/06/2014SuisseMathieu ValbuenaOLYMPIQUE DE MARSEILLE
55%
06/01/2013AllemagneMathieu ValbuenaOLYMPIQUE DE MARSEILLE
55%
14/11/2012ItalieMathieu ValbuenaOLYMPIQUE DE MARSEILLE
55%
07/06/2015BelgiqueMathieu ValbuenaDYNAMO MOSCOU
55%
04/09/2015PortugalMathieu ValbuenaOLYMPIQUE LYONNAIS
55%
22/03/2013GéorgieMathieu ValbuenaOLYMPIQUE DE MARSEILLE
55%
20/06/2014SuisseMoussa SissokoNEWCASTLE
50%
02/06/2017ParaguayMoussa SissokoTOTTENHAM HOTSPUR
50%
10/09/2013BielorussieSamir NasriMANCHESTER CITY
50%
19/11/2013UkraineMamadou SakhoLIVERPOOL
49%
19/11/2013UkraineMamadou SakhoLIVERPOOL
49%
13/06/2017AngleterreDjibril SidibéAS MONACO
48%
11/10/2013AustralieYohan CabayeNEWCASTLE
47%
08/10/2015ArménieYohan CabayeCRYSTAL PALACE
47%
08/06/2014JamaïqueYohan CabayePSG
47%
04/06/2016EcosseLaurent KoscielnyARSENAL
45%
10/09/2019MoldavieClément LengletFC BARCELONE
44%
11/09/2012BielorussieChristophe JalletPSG
38%
07/10/2016BulgarieKévin GameiroATLETICO MADRID
36%
07/10/2016BulgarieKévin GameiroATLETICO MADRID
36%
07/09/2019AlbanieJonathan IkonéLOSC LILLE
34%
27/05/2014NorvègeLoïc RémyQUEENS PARK RANGERS
33%
14/10/2014ArménieLoïc RémyCHELSEA
33%
04/09/2014EspagneLoïc RémyCHELSEA
33%
01/09/2016ItalieLayvin KurzawaPSG
30%
11/10/2013AustralieMathieu DebuchyLOSC LILLE
29%
14/11/2012ItalieBafétimbi GomisOLYMPIQUE LYONNAIS
27%
11/06/2019AndorreKurt ZoumaEVERTON
26%
11/09/2012BielorussieEtienne CapoueTOULOUSE FC
15%

Distribution des résultats

Percentile par nombre de réponses

% des personnes avec chaque résultat

Votre développement - résultats

Vous n’avez pas pris ce quiz